First Twenty Elements - In Order - Statistics

General Stats
  • This quiz has been taken 1,028 times
  • The average score is 18 of 20
Answer Stats
Hint Answer % Correct
He Helium
100%
H Hydrogen
100%
Li Lithium
99%
B Boron
95%
N Nitrogen
95%
O Oxygen
95%
Be Beryllium
90%
Mg Magnesium
90%
Ne Neon
89%
Ca Carbon
88%
Na Sodium
88%
Ar Argon
85%
Si Silicon
85%
F Fluorine
84%
Cl Chlorine
82%
Al Aluminium
81%
Ca Calcium
81%
K Potassium
80%
P Phosphorus
78%
S Sulfur
77%
No matching quizzes found
Score Distribution
Percent of People with Each Score
Percentile by Number Answered
Your Score History
You have not taken this quiz